El perfil de un debate: movilidad y meritocracia. Contribución al estudio de las sociedades latinoamericanas /
שמור ב:
| מחבר ראשי: | |
|---|---|
| מחברים אחרים: | |
| פורמט: | Texto |
| תגים: |
הוספת תג
אין תגיות, היה/י הראשונ/ה לתייג את הרשומה!
|
MARC
| LEADER | 00000 a a2200000 04500 | ||
|---|---|---|---|
| 001 | 47248 | ||
| 003 | |||
| 040 | |||
| 100 | |a Méndez, María Luisa | ||
| 245 | |a El perfil de un debate: |b movilidad y meritocracia. Contribución al estudio de las sociedades latinoamericanas / |c María Luisa Méndez, Modesto Gayo | ||
| 700 | |a Gayo, Modesto | ||
| 773 | |g páginas 121-157 | ||
| 999 | |c 37414 |d 37414 | ||
